[Event "FIDE Chesscom Grand Swiss 2021"]
[Site "Riga"]
[Date "2021.10.31"]
[Round "5.52"]
[White "Vokhidov, Shamsiddin"]
[Black "Meshkovs, Nikita"]
[Result "1-0"]
[WhiteElo "2521"]
[BlackElo "2550"]
[Annotator "TA"]
[PlyCount "121"]
[EventDate "2021.10.27"]
[EventType "swiss"]
[EventCountry "LAT"]
[Tiebreak "Cut1 Buchholz+Sonneborn-Berger (Swiss)"]
[SourceTitle "playchess.com"]
[Source "ChessBase"]
[SourceQuality "1"]

{[%evp 11,121,10,14,16,14,16,17,0,25,0,46,0,39,36,49,59,56,38,36,39,40,39,40,
43,43,33,35,40,37,44,36,31,53,54,54,24,38,16,29,25,172,154,160,140,168,105,129,
143,136,137,133,66,111,0,129,52,118,118,118,114,118,118,118,114,152,152,152,
152,152,150,154,160,241,241,241,240,232,206,199,179,191,191,194,194,194,194,
194,194,430,419,412,404,404,392,485,481,469,450,447,352,485,485,1307,1248,1251,
1188,1162,1146,4934,4934,4934,639]} 1. e4 e5 2. Nf3 Nc6 3. d4 exd4 4. Nxd4 Bc5
5. Nxc6 Qf6 6. Qf3 dxc6 7. Nc3 {C45: Scotch Game.} Be6 8. Be3 Bb4 9. O-O-O {
The position is equal.} Qe7 10. Bd4 {[#]} O-O-O $146 ({Predecessor:} 10... Nf6
11. Be2 Bc5 12. Bxc5 Qxc5 13. Qg3 O-O 14. f4 Bc4 15. e5 Nd5 16. Ne4 Qb5 {
0-1 (49) Chigaev,M (2616)-Chen,Q (2432) Caleta 2020}) 11. Qe3 Nf6 (11... f6 $5
{[%cal Rc6c5]} 12. Bxa7 Rxd1+ 13. Nxd1 Bxa2 $11) 12. Be2 Rxd4 13. Qxd4 Bc5 14.
Qd2 Bxf2 {[#]} 15. Bc4 $1 Ng4 {And now ...Be3 would win.} 16. Bxe6+ Qxe6 17.
Kb1 {aiming for h3.} Be3 18. Qe2 {h3 is the strong threat.} Bc5 19. Rhe1 Re8
20. h3 Ne5 21. a3 $36 {[%mdl 2048] Black is under pressure.} b5 22. Na2 Nc4 23.
Qf3 Kb7 24. Nc1 f6 25. Qf5 Bb6 (25... Bd6 $11 {and Black is okay.}) 26. Qxe6 $1
$18 Rxe6 27. Rd7 $1 g5 28. g4 ({White should try} 28. Rxh7 $18 Nd2+ 29. Ka1)
28... Ne5 29. Rxh7 Nf3 30. Rd1 Rxe4 31. Rf7 (31. Ka2 $16) 31... Ng1 32. Rh7 Nf3
33. Nd3 {Black is now going downhill.} (33. Ka2 $16) 33... c5 ({Black should
play} 33... Re2 $14) 34. Rf7 $16 Re6 35. Ka2 c4 36. Nb4 Ne5 37. Rh7 a5 38. Nd5
Rd6 39. Nc3 {Hoping for Rxd6.} Rxd1 40. Nxd1 {[%mdl 4096] Endgame KRN-KBN} b4
41. Re7 Nf3 (41... Bc5 $16 42. Re6 Nd7 43. axb4 axb4) 42. axb4 $18 axb4 43. Ne3
Bc5 44. Re8 Nd2 45. b3 cxb3+ 46. cxb3 Bd4 47. Nd5 $1 c5 {[#] Black wants to
play ...c4.} 48. Re2 $1 {[%cal Re2d2]} Nf3 {[#]} 49. Nxf6 $1 {[%mdl 512]} Kc7
$2 (49... Ng1 {was called for.} 50. Re7+ Kb6 51. Re6+ Kb5) 50. Re6 Ng1 51. Ne4
Nxh3 52. Rh6 Nf4 53. Nxg5 Kd7 54. Ne4 Ke7 55. g5 Nd3 {and the idea ...Nc1+
leaves Black hopeful.} 56. Kb1 {White is clearly winning.} Ne5 (56... Be5 $142
57. Rc6 Kf7) 57. Nd6 Bc3 58. Nf5+ Kf7 59. Rf6+ Kg8 60. g6 c4 61. Rd6 {Weighted
Error Value: White=0.10/Black=0.25} (61. bxc4 $142 b3 62. g7) 1-0

[Event "FIDE Chesscom Grand Swiss 2021"]
[Site "Riga"]
[Date "2021.10.31"]
[Round "5.53"]
[White "Adhiban, B.."]
[Black "Rakotomaharo, Fy Antenaina"]
[Result "1-0"]
[WhiteElo "2672"]
[BlackElo "2484"]
[Annotator "TA"]
[PlyCount "154"]
[EventDate "2021.10.27"]
[EventType "swiss"]
[EventCountry "LAT"]
[Tiebreak "Cut1 Buchholz+Sonneborn-Berger (Swiss)"]
[SourceTitle "playchess.com"]
[Source "ChessBase"]
[SourceQuality "1"]

{[%evp 9,154,18,21,18,14,18,21,17,19,13,13,13,13,13,13,14,14,13,16,9,22,0,8,0,
0,0,14,0,0,0,14,2,10,0,0,0,0,0,12,12,28,28,28,28,28,28,77,28,28,28,66,41,45,45,
49,21,43,14,15,12,22,0,0,0,23,14,31,8,8,8,8,8,8,8,8,8,8,8,8,8,8,8,8,8,8,8,8,8,
8,8,23,23,23,23,23,8,29,37,44,44,33,27,27,44,108,108,125,125,151,158,168,125,
125,125,125,125,125,125,125,125,125,125,125,125,125,125,125,108,125,125,125,
125,125,125,125,125,125,125,1208,976,1088,1055,929,875,29978,29979,29989]} 1.
b3 e5 2. Bb2 Nc6 3. c4 g6 4. e3 Bg7 5. Nf3 Nge7 6. d4 {A01: Nimzowitsch-Larsen
Opening.} exd4 7. Nxd4 O-O 8. Nxc6 {[#] The position is equal.} dxc6 $146 ({
Predecessor:} 8... Nxc6 9. Bxg7 Kxg7 10. Nc3 d6 11. Be2 Be6 12. O-O f5 13. Qd2
Qf6 14. f4 Rad8 {1-0 (39) Adhiban,B (2672)-Yu,R (2497) Chess.com INT 2021}) 9.
Qxd8 Rxd8 10. Bxg7 Kxg7 11. Nc3 h5 12. Rd1 Be6 13. Bd3 a5 14. Ke2 h4 15. Rd2 f6
16. Rhd1 g5 17. f3 b6 18. Bc2 (18. Kf2 {is more complex.} f5 19. f4 gxf4 20.
exf4 Ng6 21. g3) 18... Rxd2+ 19. Rxd2 Rb8 20. Bd3 Kf7 (20... Ng6 {looks
sharper.} 21. Be4 Ne7 22. f4 f5 23. Bd3 Rh8) 21. Kf2 Ng6 22. Bxg6+ Kxg6 $11 {
[%mdl 4096] Endgame KRB-KRN} 23. e4 b5 24. c5 Kf7 25. Ne2 b4 26. Nd4 Bd7 $1 27.
Ke3 Ke7 28. f4 gxf4+ 29. Kxf4 a4 30. h3 axb3 31. axb3 Ra8 32. Rc2 Rg8 33. Nf3
Rg3 34. Rb2 Be6 35. Nd4 Bd7 $1 36. Nf3 Be6 37. Nxh4 Rxb3 38. Nf5+ (38. Rxb3 {
feels hotter.} Bxb3 39. Ke3 Kf7 40. Kd3 Be6 41. Nf3) 38... Kf7 39. Rxb3 Bxb3 {
KB-KN} 40. Ke3 Ba2 {Strongly threatening ...b3.} 41. Kd4 b3 {Threatens to win
with ...b2.} 42. Kc3 {And now Kb2 would win.} Bb1 43. Nd4 Bxe4 44. g3 Bg2 45.
h4 Kg6 46. Kxb3 Be4 47. Kc3 Kh5 48. Kd2 {Black must now prevent Ke3.} Kg4 49.
Ke3 Bd5 50. Kf2 Be4 $1 51. Ne6 Bd5 52. Nf4 (52. Nxc7 {keeps more tension.} Bf7
53. Na6 f5 54. Nb4 f4 55. gxf4 Kxf4 56. Nxc6 Be8 57. Nb8) 52... Be4 53. Ng2 Kf5
$1 54. Ne3+ Ke5 55. Ng4+ Kf5 {[#]} 56. Ke3 $1 {Hoping for Nxf6!} Bd5 (56...
Kxg4 57. Kxe4 Kh5 58. Kf5 Kh6 59. g4 Kg7 60. h5 Kh7 61. Kxf6) ({Black should
try} 56... Bb1 $14 57. Nf2 Ke5) (56... Bc2 57. Nf2) 57. Nf2 $16 Bf7 58. g4+ Ke5
59. Nd3+ Kd5 60. h5 Ke6 61. Nf4+ Ke7 62. Ng6+ Ke6 63. Ke4 Bg8 64. Nf4+ Kf7 65.
Ne2 Bh7+ 66. Kf4 Bd3 67. Nd4 Bb5 68. Nc2 Bf1 69. Nb4 Bg2 70. Na6 Bf1 71. Nxc7
Bd3 72. Na8 Ke6 73. Nb6 Bh7 $2 {[%mdl 8192] Black cannot hold the game after
this.} (73... Ba6 $16 74. Na4 Bd3) 74. Nc8 $18 Kd5 {[#]} 75. Nd6 $1 {[%cal
Rd6e8]} Ke6 76. Ne4 Bg8 {[#]} 77. h6 $1 Kd5 {Weighted Error Value: White=0.06/
Black=0.05} 1-0

[Event "FIDE Chesscom Grand Swiss 2021"]
[Site "Riga"]
[Date "2021.10.31"]
[Round "5.54"]
[White "Suleymanli, Aydin"]
[Black "Gretarsson, Hjorvar Steinn"]
[Result "1-0"]
[WhiteElo "2541"]
[BlackElo "2577"]
[Annotator "TA"]
[PlyCount "93"]
[EventDate "2021.10.27"]
[EventType "swiss"]
[EventCountry "LAT"]
[Tiebreak "Cut1 Buchholz+Sonneborn-Berger (Swiss)"]
[SourceTitle "playchess.com"]
[Source "ChessBase"]
[SourceQuality "1"]

{[%evp 14,93,17,10,20,0,0,0,0,0,0,-12,60,56,52,60,62,72,76,63,100,34,28,30,31,
20,31,30,20,37,21,30,60,56,66,51,58,50,52,55,54,58,74,82,71,72,84,73,81,68,64,
72,93,93,131,90,398,167,732,609,806,727,1640,1446,1716,2478,3519,2131,3518,
2374,12835,12835,12836,12836,29987,29988,29988,29989,29990,29991,29991,29992]} 
1. d4 d5 2. c4 c6 3. Nf3 Nf6 4. e3 Bf5 5. Nc3 e6 6. Bd3 Bg6 {is now more
promising than 6...Bxd3.} 7. O-O Nbd7 8. b3 Ne4 {D12: Slav Defence: 3 Nf3 Nf6
4 e3 Bf5.} (8... Bb4 $5 {[%cal Rb4c3]} 9. Bb2 Bxd3 10. Qxd3 O-O $11) 9. Ne2 {
[%cal Bc3e2,Be2f4,Bf4h5][%mdl 32]} Bd6 10. Nf4 {[#]} Bf5 $146 {The position is
equal.} ({Predecessor:} 10... O-O 11. Nxg6 hxg6 12. Bb2 f5 13. Ne5 Nxe5 14.
dxe5 Be7 15. Rc1 a5 16. f3 Nc5 {0-1 (64) Jussupow,A (2582)-Brunello,S (2553)
Katowice 2017}) 11. Bb2 Qf6 12. Be2 g5 (12... Rd8 $11) 13. Nh5 $14 Qh6 14. Ne5
f6 {[#]} 15. f3 $1 Nc3 16. Bxc3 fxe5 17. dxe5 (17. cxd5 $16 cxd5 18. g4) 17...
Bc5 {[#]} 18. Bd4 Bxd4 19. Qxd4 {Black must now prevent cxd5.} Qxh5 20. g4 Qf7
{...Bg6 is the strong threat.} 21. gxf5 Qxf5 22. cxd5 exd5 23. f4 $36 {[%mdl
2048] Hoping for e6. Black is under pressure.} O-O-O 24. Kh1 ({But not} 24.
Qxa7 $6 gxf4 25. exf4 Qe4 $11) 24... Kb8 25. Rg1 gxf4 26. exf4 Rhg8 27. Raf1
Rdf8 28. Rxg8 Rxg8 29. Qd3 Qf7 30. Qe3 Qe6 31. Rg1 Rxg1+ 32. Kxg1 a6 33. h3 Nf6
34. f5 Qg8+ {[%mdl 8192] This costs Black the game.} (34... Qe7 $16 {is more
resistant.}) 35. Kh2 (35. Kf1 $142 Ne4 36. Bd3) 35... Ne4 (35... Qe8 36. Qf4
Ka8) 36. f6 Kc7 37. Qf4 Qf8 38. Bd3 Kd7 39. Bxe4 dxe4 $18 {[%mdl 4096] Endgame
KQ-KQ} 40. Qf5+ Kd8 41. Qxe4 Qc5 42. Qf4 Qc2+ 43. Kg3 Qe2 44. f7 {White mates.}
Qe1+ 45. Kg4 Qg1+ 46. Kh5 Qd1+ 47. Kh6 {Weighted Error Value: White=0.18/
Black=0.48} 1-0

[Event "FIDE Chesscom Grand Swiss 2021"]
[Site "Riga"]
[Date "2021.11.01"]
[Round "6.1"]
[White "Shirov, Alexei"]
[Black "Firouzja, Alireza"]
[Result "1/2-1/2"]
[WhiteElo "2659"]
[BlackElo "2770"]
[Annotator "TA"]
[PlyCount "85"]
[EventDate "2021.10.27"]
[EventType "swiss"]
[EventCountry "LAT"]
[Tiebreak "Cut1 Buchholz+Sonneborn-Berger (Swiss)"]
[SourceTitle "playchess.com"]
[Source "ChessBase"]
[SourceQuality "1"]

{[%evp 9,85,12,15,12,15,3,12,0,15,10,12,0,0,0,0,0,0,0,0,-50,-17,-27,-14,-69,
-66,-70,-70,-67,-67,-70,-75,-71,-75,-100,-79,-93,-94,-111,-110,-109,-100,-118,
-95,-112,-110,-116,-112,-97,-96,-114,-100,-153,-140,-137,-141,-138,-151,-144,
-150,-156,-156,-150,-70,-97,0,0,0,0,0,0,0,0,0,0,0,0,0,0]} 1. e4 c6 2. d4 d5 3.
e5 Bf5 4. h4 h5 5. Bd3 Bxd3 6. Qxd3 {B12: Caro-Kann: Advance Variation.} Qa5+
7. Nd2 {[%cal Bb1d2,Bd2b3,Bb3c5][%mdl 32] next e6! is good for White.} e6 8.
Ngf3 Nh6 9. O-O Nf5 10. Nb3 $1 {[%mdl 4] is now more promising than 10.c4.} Qa6
11. Qd1 Be7 12. Bg5 Bxg5 13. Nc5 Qb6 {[#]} 14. Nxg5 $146 ({Predecessor:} 14.
hxg5 h4 15. g6 fxg6 16. Nxe6 Ke7 17. Nf4 Rh6 18. Qd3 Nd7 19. Nxg6+ Rxg6 20.
Qxf5 {1-0 (32) Kollars,D (2586)-Kobalia,M (2614) Chess.com INT 2020}) 14... Na6
15. Nxa6 Qxa6 16. c3 (16. g3 $11) 16... Nxh4 $15 17. g3 Nf5 18. Kg2 Qb6 19. b4
Qd8 20. Qd2 Qe7 21. Rab1 Rh6 22. Rh1 O-O-O 23. b5 cxb5 24. Rxb5 h4 25. g4 h3+
26. Kf1 {[#]} Rg6 $1 27. gxf5 Rxg5 28. fxe6 fxe6 {aiming for ...Rh5.} 29. Rxh3
Rf5 30. c4 (30. Ke1 $142) 30... dxc4 $17 31. Qc3 Rdf8 32. Qxc4+ Kb8 33. Rb2 {
[#]} Qf7 $1 {[%cal Rf5f2]} 34. Qe2 {[#]} Qc7 $1 {[%cal Rc7c1] Hoping for ...
Qc1+.} 35. Qc2 Qd7 ({Black should try} 35... Rxf2+ $17 36. Qxf2 Qc4+ 37. Kg2
Rxf2+ 38. Rxf2 Qxd4) 36. Rhb3 b6 (36... Rxf2+ $17 37. Qxf2 Rxf2+ 38. Rxf2 Qxd4
39. Rf8+ Kc7 40. Rf7+ Kc6 41. Rbxb7 Qa1+ 42. Kg2 Qxa2+ 43. Kh3 a5 44. Rxg7 Qa1
45. Rbc7+ Kb5 46. Rb7+ Kc5) 37. Qc5 $1 $11 {Rxb6+! is the strong threat.The
position is equal.} Qb7 {Threatens to win with ...Qh1+.} 38. Rxb6 $1 axb6 39.
Rxb6 {Black must now prevent Qd6+.} Rxf2+ {[%mdl 64] Double Attack} 40. Ke1
Rf1+ 41. Ke2 R1f2+ 42. Ke1 Rf1+ 43. Ke2 {Whites escaped into a draw.  Weighted
Error Value: White=0.09/Black=0.09} 1/2-1/2

[Event "FIDE Chesscom Grand Swiss 2021"]
[Site "Riga"]
[Date "2021.11.01"]
[Round "6.2"]
[White "Najer, Evgeniy"]
[Black "Caruana, Fabiano"]
[Result "1/2-1/2"]
[WhiteElo "2654"]
[BlackElo "2800"]
[Annotator "TA"]
[PlyCount "116"]
[EventDate "2021.10.27"]
[EventType "swiss"]
[EventCountry "LAT"]
[Tiebreak "Cut1 Buchholz+Sonneborn-Berger (Swiss)"]
[SourceTitle "playchess.com"]
[Source "ChessBase"]
[SourceQuality "1"]

{[%evp 22,116,18,25,27,18,24,19,26,34,12,28,8,15,19,5,40,15,22,16,20,20,30,29,
56,61,87,62,48,76,97,88,99,87,94,95,82,81,93,80,102,101,97,77,77,81,84,90,130,
131,129,120,158,171,147,145,145,145,135,135,126,59,59,47,148,130,190,190,190,
190,190,190,190,190,190,190,190,190,190,190,190,190,262,0,183,183,183,176,176,
47,56,0,101,0,101,0,101]} 1. e4 c5 2. Nf3 e6 3. d4 cxd4 4. Nxd4 Nf6 5. Nc3 Nc6
6. Nxc6 bxc6 7. e5 Nd5 8. Ne4 Qc7 9. f4 Qb6 10. c4 Bb4+ {The main line 10...
Bb4+ scores better than 10...Ne3.} 11. Ke2 f5 12. exf6 Nxf6 {[#] B45: Sicilian
Four Knights.} 13. Be3 $1 Qd8 14. Nd6+ Bxd6 15. Qxd6 Bb7 16. Rd1 Rc8 17. g4 {
Hoping for g5.} c5 18. Rg1 Rf8 (18... Rc6 $5 {[%cal Rc6d6]} 19. Qe5 O-O $14)
19. Bg2 (19. Bxc5 Rf7 $17) 19... Bxg2 20. Rxg2 Rf7 21. Kf1 {[#]} (21. Bxc5 $2
Ne4 $19) 21... Qb6 $146 ({Predecessor:} 21... Qc7 22. Kg1 Qxd6 23. Rxd6 h5 24.
gxh5 Nxh5 25. Ra6 Nxf4 26. Bxf4 Rxf4 27. Rxg7 Rf7 {1/2-1/2 (27) Fabri,L (2330)
-Troia,E (2313) ICCF email 2013}) 22. Kg1 Rc6 23. Qd3 {And now g5 would win.}
d5 $1 24. g5 ({Don't play} 24. cxd5 Nxd5 25. f5 Nxe3 $11) 24... dxc4 25. Qe2
Ng8 26. Qxc4 Ne7 27. Rgd2 {aiming for Qe4.} Rf5 28. Qe4 ({But not} 28. Qd3 $6
Nd5 $11) 28... Qc7 29. b3 a6 30. Rd3 Qc8 31. Bc1 $36 {[%mdl 2048] White is in
control.} g6 32. Bb2 {Threatens to win with Bf6.} Rd5 33. Rxd5 exd5 34. Rxd5
Re6 35. Re5 Rxe5 36. fxe5 ({Resist} 36. Qxe5 $6 Qg4+ 37. Kf2 Qh4+ 38. Kf1 Qxh2
$14) 36... Qd7 37. e6 $1 {[%cal Re6d7]} Qd1+ 38. Kg2 Qd2+ 39. Kh3 Qd5 40. Qxd5
Nxd5 $16 {[%mdl 4096] Endgame KB-KN} 41. Kg4 (41. Bf6 $16) 41... Ke7 $14 42.
Ba3 Kd6 ({Black should try} 42... Nc3 $14) 43. Kf3 $1 $16 Ne7 (43... Kxe6 $16
44. Bxc5 Nc3) 44. Ke4 $18 Nd5 45. e7 $1 {[%cal Re7e8]} Nxe7 {[#]} 46. b4 $1 {
[%cal Bb3b4,Bb4c5][%mdl 32]} Nc6 47. bxc5+ Ke6 48. Bc1 Ne7 49. Bd2 Nc6 50. Bc3
Ne7 51. Kd4 Nf5+ (51... Nc6+ $142 52. Kc4 Ne7) 52. Ke4 Ne7 $1 53. Be5 Nc6 54.
Bf4 Nb4 {[#]} 55. Kd4 (55. Be3 $1 $18) 55... Nc6+ $1 $14 56. Ke4 Nb4 $1 57. Bd2
Nc6 58. Bc3 Ne7 {Weighted Error Value: White=0.20/Black=0.09} 1/2-1/2

[Event "FIDE Chesscom Grand Swiss 2021"]
[Site "Riga"]
[Date "2021.11.01"]
[Round "6.3"]
[White "Vachier-Lagrave, Maxime"]
[Black "Ponkratov, Pavel"]
[Result "1-0"]
[WhiteElo "2763"]
[BlackElo "2659"]
[Annotator "TA"]
[PlyCount "51"]
[EventDate "2021.10.27"]
[EventType "swiss"]
[EventCountry "LAT"]
[Tiebreak "Cut1 Buchholz+Sonneborn-Berger (Swiss)"]
[SourceTitle "playchess.com"]
[Source "ChessBase"]
[SourceQuality "1"]

{[%evp 11,51,0,0,-7,-14,-32,-25,-60,-21,-25,-17,-45,0,0,0,0,0,0,0,-58,75,61,49,
68,58,49,150,152,182,188,175,191,184,126,174,196,372,332,356,333,443,434]} 1.
e4 e6 2. d4 d5 3. e5 c5 4. c3 Nc6 5. Nf3 Qb6 6. Bd3 cxd4 7. O-O {C02: French:
Advance Variation.} Bd7 8. Re1 $1 {[%mdl 4] is now more promising than 8.cxd4.}
Nge7 9. h4 {Black has an edge.} h6 10. a3 Rc8 {[#]} 11. b4 $146 ({Predecessor:
} 11. Bc2 Nf5 12. Bxf5 exf5 13. cxd4 Be7 14. Nc3 Be6 15. Re2 O-O 16. Bf4 Na5
17. h5 {0-1 (39) Svoboda,S (2409)-Krak,T (2349) Slovakia 2019}) 11... a6 12.
Bb2 {[%cal Rc3d4]} g5 13. Nh2 Bg7 14. Ng4 gxh4 {And now ...h3! would win.} 15.
cxd4 (15. Qf3 $1 $11) 15... h5 (15... Nxd4 $15 {stays ahead.} 16. Nf6+ Bxf6 17.
exf6 Nef5) 16. Nf6+ $16 Bxf6 17. exf6 Ng8 18. Qf3 Rh6 (18... Qd8 $14) 19. Qxd5
Nxf6 20. Qg5 $36 {[%mdl 2048] White is on the roll.} Ng4 21. Nc3 {[%cal Bb1c3,
Bc3e4,Be4g5][%mdl 32] Hoping for Nd5.} ({Don't play} 21. Qxh4 $6 Nxd4 22. Nc3
e5 $14) 21... Qd8 ({Don't go for} 21... Qxd4 $2 22. Nd5 $1 $18) 22. Qxd8+ ({
White should try} 22. Qg8+ $18 Ke7 23. Qxd8+ Kxd8 24. Ne4) 22... Kxd8 {[#]} 23.
Ne4 $1 e5 $2 (23... Rg6) 24. f3 Nxd4 25. fxg4 {Strongly threatening Ng5.} hxg4
26. Ng5 {[%mdl 64] Discovered Attack.  Weighted Error Value: White=0.14/
Black=0.35} 1-0

[Event "FIDE Chesscom Grand Swiss 2021"]
[Site "Riga"]
[Date "2021.11.01"]
[Round "6.4"]
[White "Sevian, Samuel"]
[Black "Yu, Yangyi"]
[Result "1/2-1/2"]
[WhiteElo "2654"]
[BlackElo "2704"]
[Annotator "TA"]
[PlyCount "62"]
[EventDate "2021.10.27"]
[EventType "swiss"]
[EventCountry "LAT"]
[Tiebreak "Cut1 Buchholz+Sonneborn-Berger (Swiss)"]
[SourceTitle "playchess.com"]
[Source "ChessBase"]
[SourceQuality "1"]

{[%evp 9,62,0,15,0,3,0,0,2,10,6,10,0,0,0,0,0,0,0,8,0,0,0,0,0,2,0,0,0,0,0,0,0,0,
0,0,0,0,0,0,0,0,0,0,-22,2,6,8,0,0,0,0,0,0,0,0]} 1. d4 d5 2. Bf4 Nf6 3. e3 Bg4
4. Nf3 e6 5. h3 Bh5 {The position is equal.} 6. c4 {D02: 1 d4 d5 2 Nf3
sidelines, including 2...Nf6 3 g3 and 2...Nf6 3 Bf4.} Bd6 7. Bxd6 cxd6 8. Nc3
dxc4 9. Bxc4 O-O {[#]} 10. Be2 $146 ({Predecessor:} 10. O-O Nbd7 11. Be2 Rc8
12. Qb3 Qb6 13. Qa3 Rc6 14. Rfc1 Rfc8 15. Kf1 a5 16. Nd2 Bxe2+ 17. Nxe2 {
1-0 (39) Santos Ruiz,M (2581)-Narciso Dublan,M (2502) chess24.com INT 2020})
10... Qb6 11. Qd2 Nc6 12. O-O Rfc8 13. Rfc1 Bg6 14. Nh4 Ne4 15. Qe1 Nxc3 ({
Don't go for} 15... Qxb2 $2 16. Nxg6 Nxd4 17. Ne7+ (17. exd4 Nxc3 18. Ne7+ {
[%mdl 64] Double Attack} Kf8 $18) 17... Kh8 18. Nxc8 $18) 16. bxc3 Be4 17. f3
Bg6 18. Nxg6 hxg6 19. Rab1 Qc7 20. f4 Qe7 21. h4 Rc7 22. Rb5 d5 23. c4 a6 24.
Rb3 dxc4 $1 25. Rxc4 Rac8 26. Rbc3 Na5 27. Rxc7 Rxc7 28. Qc1 Rxc3 29. Qxc3 Nc6
30. Bxa6 bxa6 31. Qxc6 Qa3 {A rather calm draw.  Weighted Error Value: White=0.
03/Black=0.02} 1/2-1/2

[Event "FIDE Chesscom Grand Swiss 2021"]
[Site "Riga"]
[Date "2021.11.01"]
[Round "6.5"]
[White "Nihal Sarin"]
[Black "Navara, David"]
[Result "1/2-1/2"]
[WhiteElo "2652"]
[BlackElo "2691"]
[Annotator "TA"]
[PlyCount "79"]
[EventDate "2021.10.27"]
[EventType "swiss"]
[EventCountry "LAT"]
[Tiebreak "Cut1 Buchholz+Sonneborn-Berger (Swiss)"]
[SourceTitle "playchess.com"]
[Source "ChessBase"]
[SourceQuality "1"]

{[%evp 19,79,4,14,14,12,-5,30,39,67,47,68,56,47,62,61,54,60,55,102,83,133,138,
120,110,205,205,193,140,216,209,192,52,52,52,52,52,195,52,371,371,371,371,469,
469,500,500,498,498,498,469,456,371,371,371,371,371,251,251,251,251,371,371]} 
1. d4 Nf6 2. c4 g6 3. Nc3 d5 4. Nf3 Bg7 5. cxd5 Nxd5 6. e4 Nxc3 7. bxc3 c5 8.
Bb5+ Nc6 9. O-O cxd4 10. cxd4 O-O {[%cal Rc6d4]} 11. Bxc6 {D85: Exchange
Grünfeld: Unusual White 7th moves and lines with 7 Nf3.} bxc6 12. Qc2 $5 {
[%mdl 4] [#] Exploring less charted territory.} Ba6 $146 ({Predecessor:} 12...
Bg4 13. Ne5 Qxd4 14. Bb2 Qb6 15. Rab1 Bxe5 16. Bxe5 Qa6 17. f3 Be6 18. Qc5 f6 {
Ricard,J (2238)-Bobel,P (2277) ICCF email 2009}) 13. Rd1 {White has an edge.}
c5 14. dxc5 Bxa1 15. Bh6 Bh8 {aiming for ...Qc7.} 16. Rxd8 Rfxd8 17. h4 Bd3 18.
Qa4 {c6 is the strong threat.} a6 19. Bg5 Rac8 20. Bxe7 Re8 {[#]} 21. Bd6 {
Hoping for Qb3.} Bxe4 (21... Rxe4 $16 {is a better defense.} 22. Qd7 Ree8) 22.
Qxa6 $18 Ra8 23. Qc4 (23. Qb5 $18) 23... Bxf3 (23... Bc6 $16) 24. gxf3 Be5 {[#]
} 25. Qd5 ({Better is} 25. h5 $1 $18) 25... Rad8 $14 26. h5 $1 Re6 {[%cal
Re5d6]} 27. h6 $1 Bf4 28. Qb7 (28. a4 $18) 28... Bxh6 $2 {[%mdl 8192] [#]} (
28... Bxd6 $14 29. cxd6 Kf8) 29. c6 $1 $18 Rexd6 (29... Rdxd6 30. c7) 30. c7
Bg5 (30... Rd1+ 31. Kg2 $18) 31. a4 {[%cal Ba2a4,Ba4a5,Ba5a6][%mdl 32]} (31.
cxd8=B Bxd8 32. Kg2 Kg7 $18) 31... Kg7 ({But not} 31... Rd1+ 32. Kg2 $18) 32.
a5 ({Weaker is} 32. cxd8=B Bxd8 33. Kg2 Bb6 $18) 32... Re8 {intending ...Rd1+.}
33. c8=Q Rxc8 34. Qxc8 {[%mdl 4096] Endgame KQ-KRB} Bd8 35. a6 {Black must now
prevent a7.} Bb6 36. Qb7 Rf6 37. Kg2 ({Don't do} 37. a7 Bxa7 38. Qxa7 Rxf3 $18)
37... h6 38. a7 Bxa7 39. Qxa7 Rf5 (39... g5 $142 40. Qd4 Kg6 41. Qe4+ Kg7) 40.
Qd4+ {[%mdl 32768] Weighted Error Value: White=0.20/Black=0.45. An unexpected
result.} 1/2-1/2

[Event "FIDE Chesscom Grand Swiss 2021"]
[Site "Riga"]
[Date "2021.11.01"]
[Round "6.6"]
[White "Korobov, Anton"]
[Black "Tari, Aryan"]
[Result "1/2-1/2"]
[WhiteElo "2690"]
[BlackElo "2646"]
[Annotator "TA"]
[PlyCount "46"]
[EventDate "2021.10.27"]
[EventType "swiss"]
[EventCountry "LAT"]
[Tiebreak "Cut1 Buchholz+Sonneborn-Berger (Swiss)"]
[SourceTitle "playchess.com"]
[Source "ChessBase"]
[SourceQuality "1"]

{[%evp 15,46,0,9,0,0,0,0,0,31,0,15,25,28,25,33,0,0,0,0,0,-4,-16,0,0,0,0,0,0,0,
0,0,0,0]} 1. d4 d5 2. c4 e6 3. Nc3 c5 4. e3 Nf6 5. Nf3 Nc6 6. a3 dxc4 7. Bxc4
a6 8. O-O b5 9. Bd3 {D40: Queen's Gambit Declined: Semi-Tarrasch with 5 e3.}
cxd4 10. exd4 Be7 11. Re1 Bb7 12. Ne4 {[#]} Nxe4 $146 ({Predecessor:} 12... Nd5
13. Nc5 Qb6 14. Nxb7 Qxb7 15. Be4 Rd8 16. Qc2 Bf6 17. Be3 h6 18. b4 O-O {
1-0 (44) Rantanen,M-Lumme,M Salo 1993}) 13. Bxe4 Na5 14. Bxb7 Nxb7 15. Bf4 O-O
{The position is equal.} 16. Rc1 Rc8 17. Rxc8 Qxc8 18. Qd3 Qa8 19. Bg5 Bd6 20.
Bd2 Be7 21. Bg5 Bd6 22. Bd2 {[#] And now Ng5 would win.} Be7 23. Bg5 Bd6 {
A rather calm draw.  Weighted Error Value: White=0.04/Black=0.04} 1/2-1/2